000 01177aam a2200325 i 4500
999 _c45390
_d45390
001 768714001
003 CO-MdFUSB
005 20200921142428.0
007 ta
008 200506t1979 us |||| |||| 00| 0 eng d
020 _a0712665528
040 _bspa.
_aCO-MdFUSB
_cCO-MdFUSB
_dCO-MdFUSBC
_erda
041 _aeng
082 _223
_a192
_bB515
100 1 _aBerlin, Isaiah
_eautor
245 1 0 _aConcepts and categories :
_bphilosophical essays
_c/ Isaiah Berlin ; editado por Henry Hardy
264 1 _aNueva York :
_bPimlico,
_c[1979]
264 4 _c© 1979
300 _axx, 209 páginas
_c; 23 cm
336 _atexto
_btxt
_2rdacontent
337 _2rdamedia
_asin mediación
_bn
338 _2rdacarrier
_avolumen
_bnc
505 _aEl propósito de la filosofía - Verificación - Proposiciones empíricas y declaraciones hipotéticas - Traducción lógica - Igualdad - El concepto de la historia científica - ¿Todavía existe la teoría política? - 'Liberado de la esperanza y el miedo'
563 _aRústico
650 7 _9195
_aFilosofía moderna
700 _93020
_aHardy, Henry
_eeditor
942 _cBK
945 _aJTF-925